000 00287nam a22001337a 4500
008 181205b xxu||||| |||| 00| 0 eng d
020 _a0852637187
041 _aeng
080 _a720
100 _a41
101 _aARK
245 _aDiscovering Cathedrals
_cPepin,D
942 _2udc
_cBK
999 _c52853
_d52853